Čím bude Slovensko výkonnejšie, tým ľahšie sa začlení do Európskej únie
Základné smery pre udržanie stabilnej makroekonomickej politiky ako predpoklad pre vstup SR do Európskej únie. Pozitíva a negatíva vstupu SR do Európskej únie. Postavenie slovenských producentov na zahraničných trhoch. Silná patentová ochrana môže krajine uškodiť.
Guardado en:
| Autor principal: | |
|---|---|
| Formato: | Libro |
| Lenguaje: | eslovaco |
| Materias: | |
| Etiquetas: |
Sin Etiquetas, Sea el primero en etiquetar este registro!
|
MARC
| LEADER | 00000nam a2200000 4500 | ||
|---|---|---|---|
| 001 | r030807 | ||
| 005 | 20230921082035.3 | ||
| 041 | 0 | |a slo | |
| 044 | |a SK | ||
| 245 | 1 | 0 | |a Čím bude Slovensko výkonnejšie, tým ľahšie sa začlení do Európskej únie |c Jozef Hajko |
| 520 | |a Základné smery pre udržanie stabilnej makroekonomickej politiky ako predpoklad pre vstup SR do Európskej únie. Pozitíva a negatíva vstupu SR do Európskej únie. Postavenie slovenských producentov na zahraničných trhoch. Silná patentová ochrana môže krajine uškodiť. | ||
| 610 | 2 | 0 | |a integrácia ekonomická medzinárodná |
| 610 | 2 | 0 | |a trh zahraničný |
| 610 | 2 | 0 | |a makroekonomika |
| 610 | 2 | 0 | |a stabilita hospodárstva |
| 610 | 2 | 0 | |a Európska únia |
| 610 | 2 | 0 | |a bankovníctvo |
| 610 | 2 | 0 | |a politika protimonopolná |
| 610 | 2 | 0 | |a konkurencieschopnosť |
| 610 | 2 | 0 | |a Slovensko |
| 100 | 1 | |a Hajko, Jozef | |